10k+ Cities in New South Wales - Statistics

General Stats
  • This quiz has been taken 105 times
  • The average score is 20 of 45
Answer Stats
Population Region City/Town % Correct
4,698,656 Greater Sydney Sydney
100%
348,539 Hunter Newcastle
93%
280,153 Illawarra - Shoahaven Wollongong
92%
169,053 Central Coast Gosford
73%
40,127 Central West Orange
73%
38,783 Orana Dubbo
72%
34,415 New England Tamworth
72%
53,677 Riverina Albury
70%
36,230 Central West Bathurst
69%
47,793 Mid North Coast Port Macquarie
69%
49,686 Riverina Wagga Wagga
69%
89,597 Hunter Maitland
68%
51,069 Mid North Coast Coffs Harbour
66%
63,721 Northern Rivers Tweed Heads
59%
21,312 New England Armidale
58%
17,456 Orana Broken Hill
58%
27,916 Northern Rivers Lismore
53%
10,538 Northern Rivers Byron Bay
51%
14,761 Illawarra - Shoalhaven Kiama
51%
23,211 Hunter Cessnock
49%
168,127 Central Coast Wyong
49%
17,155 Northern Rivers Grafton
45%
37,511 Southern Highlannds Queanbeyan
43%
20,799 Riverina Griffith
42%
18,532 Northern Rivers Ballina
41%
18,110 Mid North Coast Taree
41%
11,197 Central West Lithgow
39%
14,229 Hunter Singleton
39%
10,901 Hunter Muswellbrook
34%
12,263 Southern Highlands Batemans Bay
32%
30,049 Greater Sydney Blue Mountains
26%
11,563 Central West Mudgee
24%
14,396 Illawarra - Shoalhaven Ulladulla
24%
11,073 Mid North Coast Kempsey
23%
14,593 Hunter Nelson Bay
20%
23,762 Southern Highlands Goulbourn
19%
20,015 Hunter Kurri Kurri
19%
14,081 Hunter Raymond Terrace
19%
11,349 Central Coast Terrigal
19%
23,762 Southern Highlands Bowral - Mittagong
18%
33,583 Illawarra - Shoalhaven Nowra - Bomaderry
15%
20,554 Mid North Coast Forster - Tuncurry
12%
11,000 Illawarra - Shoalhaven Sanctuary Point
7%
22,150 Hunter Morisset - Cooranbong
4%
10,019 Hunter Medowie
3%
No matching quizzes found
Score Distribution
Percent of People with Each Score
Percentile by Number Answered
Your Score History
You have not taken this quiz